000 01360nam a2200385 a 4500
001 21298
003 VRT
005 20260226115841.0
008 240318s2016 xr a a 000 0 slo
015 _aSNBZSA2017/06
020 _a9788072674862
_q(leporelo)
039 9 _a202403182043
_bVLOAD
_c202312031510
_dAUTHORITY
_c202312031459
_dAUTHORITY
_c201706301149
_dmsnk131
040 _aSNK
_bslo
_cSNK
_eAACR
041 0 _aslo
044 _axr
_cCZ
072 7 _a0/9-053.2
_xLiteratúra pre deti a mládež (náučná)
_2konspekt
080 _a(0.025.2)
_22011
080 _a82-93-053.2
_22011
080 _a82-193.1
_22011
100 1 _aŠtefánková, Mária,
_d1951-
_4aut
245 1 0 _aHádanky z dvora
_b[verše: Mária Štefánková ; ilustrácie: Vladimíra Vopičková]
260 _aŘíčany u Prahy
_bNakladatelství Junior
_c2016
300 _a[10] nečíslovaných s.
_bilustr.
_c16 x 19 cm
500 _aKartónové listy
650 0 7 _ahádanky
_2SNKPH
650 0 7 _aRiddles
_2SNKPHeng
655 7 _aleporelá
_2SNKPH
655 7 _apublikácie pre deti
_2SNKPH
655 7 _aPicture books for children
_2SNKPHeng
655 7 _aChildren's literature
_2SNKPHeng
700 1 _aVopičková, Vladimíra,
_d1965-
_4ill
910 _asnk
942 _2ddc
_cKLDE
_n0
949 _617A1259377
_asnkOSD 9963
_bsnk2017/12784
_oPemic9-ah/46Int. č. fa – 9/2017
999 _c21298
_d21298